Public personnel and financial administration (Record no. 96119)

MARC details
000 -LEADER
fixed length control field 00417nam a2200169Ia 4500
008 - FIXED-LENGTH DATA ELEMENTS--GENERAL INFORMATION
fixed length control field 230917s9999||||xx |||||||||||||| ||und||
020 ## - ISBN
Price RS115
040 ## - CATALOGING SOURCE
-- 32682
Original cataloging agency VIVEKANANDA LIBRARY
041 ## - Language
-- English
082 ## - DDC NUMBER
Classification number 350.1 S19P
100 ## - MAIN ENTRY--PERSONAL NAME
Personal name Sahib Singh
245 #0 - TITLE STATEMENT
Title Public personnel and financial administration
250 ## - EDITION STATEMENT
Edition statement 4th ed.
260 ## - PUBLICATION, DISTRIBUTION, ETC. (IMPRINT)
Place of publication, distribution, etc Jlandhar
Name of publisher, distributor, etc New Academic Pub.Co
Date of publication, distribution, etc 1996
300 ## - PHYSICAL DESCRIPTION
Pages 228 p.
942 ## - ADDED ENTRY ELEMENTS (KOHA)
Koha item type Books
Holdings
Withdrawn status Lost status Damaged status Not for loan Location (home branch) Sublocation or collection (holding branch) Date acquired Koha issues (times borrowed) Koha full call number Accession No. Koha date last seen Koha item type
        VIVEKANANDA LIBRARY VIVEKANANDA LIBRARY 29/08/2002   350.1 S19P 178661 17/09/2023 Books
© Designed and Maintained by Vivekananda Library, MDU Rohtak